Library of the University of Algiers 3
Ibrahim Sultan Cheibout
شعار جامعة الجزائر 3
مكتبة جامعة الجزائر 3
إبراهيم سلطان شيبوط

تحليل البيانات باستخدام برنامج SPSS / (رقم التسجيلة. 45689)

تفاصيل مارك
000 -LEADER
fixed length control field 01257nam a2200229Ia 4500
003 - CONTROL NUMBER IDENTIFIER
control field Ost
005 - DATE AND TIME OF LATEST TRANSACTION
control field 20260507075655.0
008 - FIXED-LENGTH DATA ELEMENTS--GENERAL INFORMATION
fixed length control field 260507s9999||||xx |||||||||||||| ||und||
020 ## - INTERNATIONAL STANDARD BOOK NUMBER
International Standard Book Number 9957074113
040 ## - CATALOGING SOURCE
Transcribing agency fsecg
041 ## - LANGUAGE CODE
Language code of text/sound track or separate title ara
082 ## - DEWEY DECIMAL CLASSIFICATION NUMBER
Classification number 519.530285
100 ## - MAIN ENTRY--PERSONAL NAME
Personal name أبو سريع، رضا عبد الله
Relator term مؤلف
245 #0 - TITLE STATEMENT
Title تحليل البيانات باستخدام برنامج SPSS /
Statement of responsibility, etc. رضا عبد الله أبو سريع
260 ## - PUBLICATION, DISTRIBUTION, ETC.
Place of publication, distribution, etc. عمان:
Name of publisher, distributor, etc. دار الفكر,
Date of publication, distribution, etc. 2004
300 ## - PHYSICAL DESCRIPTION
Extent 256 صفحة؛
Other physical details إيضاحات ؛
Dimensions 24 سم
504 ## - BIBLIOGRAPHY, ETC. NOTE
Bibliography, etc. note المراجع ص.221
520 ## - SUMMARY, ETC.
Summary, etc. اعداد خطة لترميز البيانات، ادخال البيانات إلى البرنامج، الاحصاء الوصفي للبيانات وتمثيلها بيانيا، مقارنة المتوسطات، تحليل التباين، الارتباط والانحدار، الاختبارات الاحصائية الأبارامترية، ثبات الاختبار، التحليل العاملي، الرسوم البيانية، المراجع والملاحق.
653 ## - INDEX TERM--UNCONTROLLED
Uncontrolled term الإحصاء الوصفي- الحاسبات الكترونية
653 ## - INDEX TERM--UNCONTROLLED
Uncontrolled term البيانات الاحصائية- برنامج SPSS
942 ## - ADDED ENTRY ELEMENTS (KOHA)
Koha item type كتب
المقتنيات
Withdrawn status Lost status Damaged status Not for loan Home library Current library Date acquired Serial enumeration / chronology Inventory number Total checkouts Full call number Barcode Date last seen Price effective from Koha item type Source of classification or shelving scheme
      Available مكتبة كلية العلوم الإقتصادية والعلوم التجارية وعلوم التسيير مكتبة كلية العلوم الإقتصادية والعلوم التجارية وعلوم التسيير 07/05/2026 الطابق الثاني 2011/8075   أ/1830ن10 2011/8075 07/05/2026 07/05/2026 كتب  
      Available مكتبة كلية العلوم الإقتصادية والعلوم التجارية وعلوم التسيير مكتبة كلية العلوم الإقتصادية والعلوم التجارية وعلوم التسيير 07/05/2026 الطابق الثاني 2011/8076   أ/1830ن11 2011/8076 07/05/2026 07/05/2026 كتب Dewey Decimal Classification
      Available مكتبة كلية العلوم الإقتصادية والعلوم التجارية وعلوم التسيير مكتبة كلية العلوم الإقتصادية والعلوم التجارية وعلوم التسيير 07/05/2026 الطابق الأرضي 2011/8068   أ/1830ن6 2011/8068 07/05/2026 07/05/2026 كتب Dewey Decimal Classification
      Available مكتبة كلية العلوم الإقتصادية والعلوم التجارية وعلوم التسيير مكتبة كلية العلوم الإقتصادية والعلوم التجارية وعلوم التسيير 07/05/2026 الطابق الأرضي 2011/8069   أ/1830ن7 2011/8069 07/05/2026 07/05/2026 كتب Dewey Decimal Classification
      Available مكتبة كلية العلوم الإقتصادية والعلوم التجارية وعلوم التسيير مكتبة كلية العلوم الإقتصادية والعلوم التجارية وعلوم التسيير 07/05/2026 الطابق الأرضي 2011/8070   أ/1830ن8 2011/8070 07/05/2026 07/05/2026 كتب Dewey Decimal Classification
      Available مكتبة كلية العلوم الإقتصادية والعلوم التجارية وعلوم التسيير مكتبة كلية العلوم الإقتصادية والعلوم التجارية وعلوم التسيير 07/05/2026 الطابق الثاني 2011/8074   أ/1830ن9 2011/8074 07/05/2026 07/05/2026 كتب Dewey Decimal Classification

موارد الويب المفتوحة


© University of Algiers 3 All Rights Reserved
|
Implemented by LECHELAH Riad